000 00538nam a2200181 i 4500
001 78963
003 ES-MaACL
005 20230906173850.0
007 t|
008 041018s1966 sp ||||1| cat d
100 1 _aHeilly, Alphonse d'.
_962354
245 1 0 _aAmor i sagrament /
_cAlphonse d'Heilly ; [traducció Mª Teresa Bial i Massons].
250 _a[1ª ed.].
260 _aBarcelona :
_bEstela,
_c[1966]
300 _a126 p. ;
_c19 cm.
700 1 _aBial i Massons, María Teresa.
_928736
852 _aES-MaACL
_jC-31931
_bR.70241
999 _c78963
_d78963